| 000 | aam a22 a 4500 | ||
|---|---|---|---|
| 999 |
_c1547 _d1547 |
||
| 003 | AKMAL | ||
| 005 | 20170511090534.0 | ||
| 008 | 170511s1986 my 00 eng d | ||
| 020 | _a9679781100 | ||
| 040 | _aAKMAL | ||
| 082 | 0 | 4 | _a329 GAL |
| 090 | 0 | 0 |
_a329 _bGAL |
| 245 | 0 | 0 |
_aReadings in Malaysian politics / _cedited by Bruce Gale |
| 260 |
_aPetaling Jaya : _bPelandok Publications, _c1986 |
||
| 300 | 0 | 0 |
_a304p. ; _c22cm |
| 504 | _aIncludes bibliographies | ||
| 650 | 0 |
_aIslam and politics _zMalaysia _9131 |
|
| 651 | 0 |
_aMalaysia _xPolitics and government _944 |
|
| 700 | 1 |
_aGale, Bruce _93106 |
|
| 942 |
_2ddc _cBOOK |
||